000 01075nam a2200301 a 4500
001
003 DO-SdBNP
005 20210719131411.0
008 140321s2012 dr 000 0 spa d
020 _a9789945412703
040 _aBPMSU
_bspa
_cBPMSU
082 _a306.97293
_bA473d 2012
_222
100 1 _aÁlvarez Estévez, Rolando,
_d1939-
245 1 0 _aDel Caribe somos /
_cRolando Álvarez Estévez, Marta Guzmán Pascual ; editor Rainier Pérez Hernández.
260 _aSanto Domingo :
_bFUNGLODE,
_c2012.
300 _a167 p. ;
_c26 cm.
490 0 _aDemocracia
504 _aIncluye referencias bibliográficas y notas al pie de las páginas.
590 _aInventariado,2021/VM
650 4 _aIdentidad nacional
_zCaribe (Región)
_xHistoria
651 4 _aCaribe (Región)
_xHistoria
651 4 _aCaribe (Región)
_xCaracterísticas Nacionales
_xHistoria
700 1 2 _aGuzmán Pascual, Marta,
_d1942-
700 1 2 _aPérez Hernández, Rainier,
710 2 _aFundación Global Democracía y Desarrollo (República Dominicana)
910 _aVMateo V.
942 _2ddc
_cBK
999 _c13582
_d13582